| 000 | 01386nam a22003017a 4500 | ||
|---|---|---|---|
| 001 | 1003 | ||
| 005 | 20250213152616.0 | ||
| 020 | _a0439560535 (pbk.) | ||
| 020 | _a9780439560535 | ||
| 040 |
_aOCO _cOCO _dDLC _beng |
||
| 050 | 0 | 0 | _aQE432.S734 |
| 082 | _a549 | ||
| 100 | 1 | _aStamper, Judith Bauer. | |
| 245 | 1 | 0 |
_aRocky road trip / _c[written by Judith Bauer Stamper ; illustrations by Hope Gangloff] |
| 250 | _aFirst printing, November 2003. | ||
| 260 |
_aNew York : _bScholastic, _c2003. |
||
| 300 |
_a89 pages : _billustrations ; _c20 cm. |
||
| 490 | 1 |
_aScience chapter book ; _vBook 20 |
|
| 500 | _aBased on The Magic School Bus books written by Joanna Cole and illustrated by Bruce Degen. | ||
| 505 | _aO | ||
| 520 | _aWhen Carlos brings a mystery rock to school, he hopes Ms. Frizzle will tell him what kind of rock it is. But the Friz doesn't like to tell when she can show....That's how the class ends up on a wild rock hunt in the Wild West, trying to solve a mineral mystery! They take a stagecoach ride, pan for precious gems, and even explore an old mine. Sure, the going gets a little rough at times--but this road trip rocks! | ||
| 521 |
_a600
_bLexile |
||
| 521 |
_aO
_bRaz-Plus |
||
| 650 |
_arocks _vgeology _xearth science |
||
| 700 | 1 |
_aGangloff, Hope. _cillustrator. |
|
| 906 |
_a7 _bcbc _ccopycat _d2 _encip _f20 _gy-gencatlg |
||
| 942 |
_2ddc _cBK _n0 |
||
| 999 |
_c1003 _d1003 |
||